000 00763nam a2200265Ia 4500
005 20260302113956.0
008 008 260114s9999 xx 000 0 eng d
020 _a9781350232730
037 _aTextbook
040 _aCRL
040 _beng
040 _cCRL
041 _2eng
041 _aeng
084 _qCRL
100 _aAndreas Musolff, Ruth Breeze, Kayo Kondo and Sara Vilar-Lluch
_91117383
245 0 _aPandemic and Crisis Discourse Communicating COVID-19 and Public Health Strategy
260 _bBloomsbury
260 _bBloomsbury Academic
260 _c2022
650 _aLinguistics
856 _uhttps://doi.org/10.5040/9781350232730?locatt=label:secondary_bloomsburyCollections
942 _cEBOOK
999 _c1680899
_d1680899